| 000 | 01040nam a2200277 a 4500 | ||
|---|---|---|---|
| 001 | 67242 | ||
| 003 | BD-RjUL | ||
| 005 | 20211209081629.0 | ||
| 008 | 170323s1980 nyua b 100 0 eng d | ||
| 020 | _a0080255515 | ||
| 035 | _a(BD-RjUL) 67373 | ||
| 040 |
_aDLC _cDLC _dBD-RjU _beng |
||
| 041 | _aeng | ||
| 082 | 0 | 0 |
_a621.47 _223 _bSOL 1980 |
| 111 | 2 |
_aSolar Energy and Conservation Symposium _d(1978 : _cMiami Beach, Fla.) _9199225 |
|
| 245 | 1 | 0 |
_aSolar energy and conservation : _btechnology, commercialization, utilization : proceedings of the Solar Energy and Conservation Symposium, 11-13 December 1978, Miami Beach, Florida / _cedited by T. Nejat Veziroglu. |
| 260 |
_aNew York : _bPergamon Press, _cc1980. |
||
| 300 |
_a3 v. : _bill. ; _c25 cm. |
||
| 504 | _aIncludes bibliographical references and index. | ||
| 505 | 0 | _aVol.1-- | |
| 650 | 0 |
_aSolar energy _xCongresses. _929451 |
|
| 650 | 0 |
_aEnergy conservation _xCongresses. _9199226 |
|
| 700 | 1 |
_aVeziroglu, T. Nejat. _9199227 |
|
| 942 |
_2ddc _cBK |
||
| 999 |
_c67242 _d67242 |
||